|
|
|
|
| LEADER |
00000nab a2200000 a 4500 |
| 001 |
vtls000924658 |
| 003 |
SK-MaSNL |
| 005 |
20260318132932.0 |
| 008 |
040720e19980415xo 0 hun |
| 035 |
|
|
|a KE33535
|
| 040 |
|
|
|a KEVKJB
|b slo
|c KEVKJB
|e AACR2
|
| 041 |
1 |
|
|a hun
|
| 044 |
|
|
|a xo
|c SK
|
| 080 |
|
|
|a 894.511(437.6)
|2 1981
|
| 080 |
|
|
|a 061.7
|2 1981
|
| 245 |
0 |
0 |
|a A Kazinczy Napok margójára
|
| 611 |
1 |
7 |
|a Kazinczyho dni
|n (29. :
|d 1998 :
|c Košice, Slovensko)
|2 KEVKJB
|9 14408
|
| 650 |
0 |
7 |
|a jazyková kultúra
|2 snkbucl
|9 1395
|
| 650 |
0 |
7 |
|a konferencie
|2 snkbucl
|9 19221
|
| 651 |
|
7 |
|a Košice (Slovensko)
|2 KEVKJB
|9 18694
|
| 773 |
0 |
8 |
|t Szabad Újság
|g Roč. 6
|g Roč. 28, č.15, 15.4.1998, s. 10
|
| 852 |
|
|
|a ZVYKNI
|b KIS3GCP
|
| 999 |
|
|
|c 2167113
|d 2169043
|